Capitals of former Yugoslavian countries - Statistics

General Stats
  • This quiz has been taken 2,096 times
  • The average score is 5 of 7
Answer Stats
Country Capital % Correct
Croatia Zagreb
92%
Serbia Belgrade
80%
Bosnia and Herzegovina Sarajevo
76%
Kosovo Pristina
75%
Macedonia Skopje
73%
Slovenia Ljubljana
64%
Montenegro Podgorica
63%
No matching quizzes found
Score Distribution
Percent of People with Each Score
Percentile by Number Answered
Your Score History
You have not taken this quiz